000 00562nam a2200205Ia 4500
003 LK-CoDNM
005 20240227143053.0
008 010623t1942 xxu||||| |||| 00| 1 sin d
040 _aLK-CoDNM
_dLK-CoDNM
_eLK-CoDNM
041 _asin
080 _a104 V11a
100 _aAppuhami,D.A.De.Silva Epa
245 _aඈපා පඤ්චාංග ලිත
246 _aEpa Ephemeris and Almanac
260 _bEpa press
_aColombo
_c1942
_c1943
300 _bDamaged
_a56p.,22 cm
650 _aAstrology
700 _aAppuhami,D.D.De.Silva Epa
942 _cBK
999 _c100231
_d100231